00560nam a2200157 i 450000100060000000300090000600700030001500800410001824501450005925000120020426000650021630000230028170000310030470000460033585200210038161763ES-MaACLt|031113s1953 sp ||||1| spa d00aFármacos b: enciclopedia de medicamentos y especialidades / ceditada por Francisco Benito Garín y Mª del Carmen González Laquidain. a1ª ed. aSan Sebastián : b[s.n., c1953] (eZarauz : fIcharopena) a1122 p. ; c25 cm.1 aBenito Garín, Francisco.1 aGonzález Laquidain, María del Carmen. aES-MaACLjE-3289